PlayStation 2 Controller Controls - Statistics

General Stats
  • This quiz has been taken 704 times
  • The average score is 13 of 16
Answer Stats
Controls % Correct
Circle
99%
Cross
98%
Square
98%
Triangle
97%
L2
96%
R1
96%
R2
96%
L1
95%
Start
91%
Select
86%
R3
82%
L3
81%
D-Pad
55%
Analog
54%
Left Stick
33%
Right Stick
33%
No matching quizzes found
Score Distribution
Percent of People with Each Score
Percentile by Number Answered
Your Score History
You have not taken this quiz